00341nam a2200133Ia 450000500170000000800410001702000170005808200130007510000160008824500260010426000440013030000150017465000180018920250509022123.0240331s9999 xx 000 0 und d a978955095022 bTHEa891 aThevathas,B 0aVidumuraiku vidumurai aColombobpuravalar puthaka poongac2009 aX, 66 p ., aShort Stories